000 00282 a2200145 4500
001 174218
020 _a
040 _cMagnum
100 _aKleiman, Angela
240 1 0 _aTexto e leitor
_lpor
245 1 0 _aTexto e leitor
362 0 _a1899
697 _aPEDAGOGIA
942 _cBK
999 _c174218
_d174218